Shirin Neshat : (Record no. 1311)

MARC details
000 -LEADER
campo de control de longitud fija 01319nam a22002537a 4500
008 - DATOS DE LONGITUD FIJA--INFORMACIÓN GENERAL
campo de control de longitud fija 171007s2005 sp||||| |||| 00| 0 spa d
020 ## - NÚMERO INTERNACIONAL ESTÁNDAR DEL LIBRO
Número Internacional Estándar del Libro 8881585510
082 04 - NÚMERO DE LA CLASIFICACIÓN DECIMAL DEWEY
Número de clasificación 770.92
Número de ítem N459u
100 1# - ENTRADA PRINCIPAL--NOMBRE DE PERSONA
Nombre de persona Zaya, Octavio.
9 (RLIN) 6021
245 ## - MENCIÓN DEL TÍTULO
Título Shirin Neshat :
Resto del título la última palabra /
Mención de responsabilidad, etc. curaduría por Octavio Zaya ; Museo de Arte Contemporáneo de Castilla y León (MUSAC).
250 ## - MENCION DE EDICION
Mención de edición 1a edición.
260 ## - PUBLICACIÓN, DISTRIBUCIÓN, ETC.
Lugar de publicación, distribución, etc. España :
Nombre del editor, distribuidor, etc. MUSAC ; Edizioni Charta,
Fecha de publicación, distribución, etc. 2005.
300 ## - DESCRIPCIÓN FÍSICA
Extensión 251 páginas :
Otras características físicas ilustraciones en color.
500 ## - NOTA GENERAL
Nota general Catálogo publicado con motivo a la exposición "Shirin Neshat: la última palabra", presentada en: -Museo de Arte Contemporáneo de Castilla y León (MUSAC), de setiembre a diciembre de 2005 -Centro Atlántico de Arte Moderno, de mayo a julio de 2006.
505 0# - NOTA DE CONTENIDO CON FORMATO
Título Una exterioridad de lo interno / An exteriority of the inward
Mención de responsabilidad Octavio Zaya.
Título Traspasando las fronteras de una geografía imaginaria / Transcending the boundaries of an imaginative georgraphy
Mención de responsabilidad Hamid Dabashi.
Título Obras / Works.
653 10 - TÉRMINO DE INDIZACIÓN--NO CONTROLADO
Término no controlado Arte contemporáneo
653 10 - TÉRMINO DE INDIZACIÓN--NO CONTROLADO
Término no controlado Catálogo de exhibición
653 10 - TÉRMINO DE INDIZACIÓN--NO CONTROLADO
Término no controlado Exhibición itinerante
653 10 - TÉRMINO DE INDIZACIÓN--NO CONTROLADO
Término no controlado Arte - Irán
653 10 - TÉRMINO DE INDIZACIÓN--NO CONTROLADO
Término no controlado Fotografía
653 10 - TÉRMINO DE INDIZACIÓN--NO CONTROLADO
Término no controlado Videoarte
653 10 - TÉRMINO DE INDIZACIÓN--NO CONTROLADO
Término no controlado Producción sudiovisual
710 1# - ENTRADA AGREGADA--NOMBRE DE ENTIDAD CORPORATIVA
Nombre de entidad corporativa o nombre de jurisdicción como elemento de entrada Museo de Arte Contemporáneo de Castilla y León (MUSAC).
9 (RLIN) 6022
Holdings
Estatus retirado Estado de pérdida Fuente del sistema de clasificación o colocación Estado de daño No para préstamo Biblioteca de origen Biblioteca actual Ubicación en estantería Fecha de adquisición Total de préstamos Signatura topográfica completa Código de barras Visto por última vez Precio de reemplazo Tipo de ítem Koha
    Clasificación Decimal Dewey     Biblioteca LadoV Biblioteca LadoV   07/10/2017   770.92 N459u 000176 07/10/2017 07/10/2017 Material 01